Normal view
MARC view
Entry Personal Name
001 - CONTROL NUMBER
- control field: 73556
003 - CONTROL NUMBER IDENTIFIER
- control field: OSt
005 - DATE AND TIME OF LATEST TRANSACTION
- control field: 20181229120817.0
008 - FIXED-LENGTH DATA ELEMENTS
- fixed length control field: 181229|| aca||aabn | a|a d
040 ## - CATALOGING SOURCE
- Original cataloging agency: OSt
- Transcribing agency: OSt
100 ## - HEADING--PERSONAL NAME
- Personal name: सिंह ,डॉ उदयभ्ाानु
670 ## - SOURCE DATA FOUND
- Source citation: Work cat.: (OSt): सिंह ,डॉ उदयभ्ाानु , स्वासथ्य एवं अाहार , 2016









